Jaderná elektronika /

Main Author: Šeda, Josef
Other Authors: Kubálek, Jiří, Sabol, Jozef, 1944-
Language: Czech
Published: Praha : Státní nakladatelství technické literatury, 1977
Edition: 1. vyd.
Series: Řada elektrotechnické literatury
Online Access: Digitalizovaný dokument
Physical Description: 319 s. + 1 příl.
Book
Saved in:
LEADER 01304nam a22003612a 4500
001 001184761
003 CZ BrMZK
005 20120615114544.0
007 ta
008 111207s1977 xr er|||||||||||cze d
015 |a cnb000414616 
035 |a (OCoLC)4513512 
040 |a ABA001  |b cze  |c CBA001  |d ABA001  |d BOA001 
080 9 |a 621 
100 1 |a Šeda, Josef  |7 jk01122651  |4 aut 
245 1 0 |a Jaderná elektronika /  |c Josef Šeda, Jozef Sabol, Jiří Kubálek 
250 |a 1. vyd. 
260 |a Praha :  |b Státní nakladatelství technické literatury,  |c 1977  |f (ST 4) 
300 |a 319 s. +  |e 1 příl. 
490 1 |a Řada elektrotechnické literatury 
500 |a 1500 výt. 
504 |a Obsahuje bibliografii a rejstřík 
650 0 7 |a jaderná chemie  |7 ph121264  |2 czenas 
650 0 7 |a ionizující záření  |7 ph121183  |2 czenas 
653 |a detekce záření 
700 1 |a Kubálek, Jiří  |4 aut 
700 1 |a Sabol, Jozef,  |d 1944-  |7 ntka173922  |4 aut 
830 0 |a Řada elektrotechnické literatury  |0 s 
856 4 1 |u http://www.digitalniknihovna.cz/mzk/uuid/uuid:e0265bd0-db25-11e3-b110-005056827e51  |y Digitalizovaný dokument  |x NDK 
910 |a BOA001  |b 2-0779.502 
990 |a BK 
991 |b 201112 
996 6 |b 2619492229  |c 2-0779.502  |l MZK  |r Sklad / do 1 hodiny  |n 3  |w 001218314  |u 000010  |a 1  |e BOA001  |j MZK50  |s P